000 01656nam0a2200385 4500
001 RU\NLR\BIBL_A\022494254
005 20251208163250.0
010 _a978-5-98249-160-2
_9200
021 _aRU
_bКН-П-25-001507
_9КН-П-25-0137
035 _a(NLR Aleph) 022494254
090 _a13496002
_c13496002
100 _a20250319d2024 k y0rusy50 ca
101 0 _arus
_atat
102 _aRU
105 _ay z 000 y
181 0 _ai
_baxxe
182 0 _an
200 1 _aСибирскотатарско-русский фразеологический словарь
_e[более 4000 фразеол. ед.]
_fФ. Ф. Марганова
_gотв. ред.: М. А. Сагидуллин, канд. филол. н.
203 _aТекст
_bвизуальный
_cнепосредственный
210 _aТюмень
_cИздат. дом "Титул"
_d2024
215 _a298, [1] с.
_d21
320 _aБиблиогр.: с. 293-298.
606 1 _aТатарский язык
_xФразеологические словари
_xРусский язык
_2nlr_sh2
_3RU\NLR\AUTH\661354444
606 1 _aТатарский язык
_xДиалекты
_yСибирь
_jСловари
_2nlr_sh2
_3RU\NLR\AUTH\661078560
606 1 _aТатарский язык
_xДиалектные словари
_2nlr_sh2
_3RU\NLR\AUTH\661078545
686 1 _aШ163.23-433.1
686 1 _aШ141.12-433.2
686 1 _aШ163.23-56я21
686 1 _aШ163.23-451
700 1 _aМарганова
_bФ. Ф.
_gФаусия Фаизовна
942 _cBOOK
980 _aNB